Fisiología médica (Registro nro. 3504)

Detalles MARC
000 -CABECERA
Longitud fija campo de control 00806nam a2200229 b 4500
003 - IDENTIFICADOR DELl NÚMERO DE CONTROL
Identificador del número de control OSt
005 - FECHA Y HORA DE LA ÚLTIMA TRANSACCIÓN
Fecha y hora de la última transacción 20140821213003.0
008 - CÓDIGOS DE INFORMACIÓN DE LONGITUD FIJA
Códigos de información de longitud fija 090113s2006 mex ||| ||spa c
020 ## - NÚMERO INTERNACIONAL NORMALIZADO PARA LIBROS
Número Internacional Normalizado para Libros (ISBN) 970-729-207-5
040 ## - FUENTE DE LA CATALOGACIÓN
Centro catalogador de origen BR-MU
Centro transcriptor BMC
082 ## - NÚMERO DE LA CLASIFICACIÓN DECIMAL DEWEY
Númeroo de clasificación 612
100 1# - PUNTO DE ACCESO PRINCIPAL-NOMBRE DE PERSONA
9 (RLIN) 8074
Nombre de persona Ganong, William F.
Fechas asociadas al nombre 1924-2007
245 10 - MENCIÓN DE TÍTULO
Título Fisiología médica
Mención de responsabilidad, etc. William F. Ganong ; traducción, Mario Alejandro Castellanos Urdaibay ; editor responsable, Martín Martínez Moreno
250 ## - MENCIÓN DE EDICIÓN
Mención de edición 20ª ed
260 ## - PUBLICACIÓN, DISTRIBUCIÓN, ETC. (PIE DE IMPRENTA)
Lugar de publicación, distribución, etc. México, D.F. [etc.]
Nombre del editor, distribuidor, etc. McGraw-HIll
Fecha de publicación, distribución, etc. 2006
300 ## - DESCRIPCIÓN FÍSICA
Extensión X, 714 p.
Otras características físicas il., gráf.
Dimensiones 29 cm
595 ## - NOTA DE EDICIÓN E HISTORIA BIBLIOGRÁFICA
Nota de edición e historia bibliográfica Traducción de : Review of medical physiology, 22th ed.
650 24 - PUNTO DE ACCESO ADICIONAL DE MATERIA - TÉRMINO DE MATERIA
Término de materia o nombre geográfico como elemento inicial Fisiología humana
9 (RLIN) 580
700 1# - PUNTO DE ACCESO ADICIONAL - NOMBRE DE PERSONA
9 (RLIN) 8073
Nombre de persona Castellanos Urdaibay, Mario Alejandro
700 1# - PUNTO DE ACCESO ADICIONAL - NOMBRE DE PERSONA
9 (RLIN) 8082
Nombre de persona Martínez Moreno, Martín
942 ## - ENTRADA DE ELEMENTOS AGREGADOS (KOHA)
Fuente de clasificaión o esquema Dewey Decimal Classification
Koha [por defecto] tipo de item 1- Monografias
Existencias
Suprimido Perdido Fuente de clasificación o esquema Estropeado Restricciones de uso No para préstamo Código de colección Localización permanente Localización actual Localización en estanter&íacute;as Fecha adquisición Fuente de adquisición Número de inventario Préstamos totales Renovaciones totales Signatura completa Código de barras Fecha última consulta Fecha último préstamo Coste, precio reemplazado Fecha del precio de reemplazo Tipo de item de Koha
NULL NULL Dewey Decimal Classification NULL Prestable NULL NULL Biblioteca Miguel de Cervantes - UNICAES Biblioteca Miguel de Cervantes - UNICAES Sala Principal 28/10/2013 Donación - Facultad de Ciencias y Humanidades 005636 4 1 612 GAN fis 1005636 01/09/2022 01/09/2022 35.00 28/10/2013 1- Monografias
NULL NULL Dewey Decimal Classification NULL Prestable NULL NULL Biblioteca Miguel de Cervantes - UNICAES Biblioteca Miguel de Cervantes - UNICAES Sala Principal 28/10/2013 Donación - Facultad de Ciencias y Humanidades 005637 2 1 612 GAN fis 1005637 16/11/2018 12/11/2018 35.00 28/10/2013 1- Monografias